U.S. Presidents Who Added the Most Territory - Statistics

General Stats
  • This quiz has been taken 14,194 times
  • The average score is 3 of 5
Answer Stats
Square miles Acquisitions President % Correct
827,987 Louisiana Purchase Thomas Jefferson
93%
1,204,896 Texas annexation, Mexican Cession, Oregon Territory James K. Polk
61%
72,101 Florida James Monroe
57%
126,043 Philippines, Hawaii, Puerto Rico, Guam, American Samoa William McKinley
48%
591,002 Alaska Purchase, Midway Islands Andrew Johnson
47%
No matching quizzes found
Score Distribution
Percent of People with Each Score
Percentile by Number Answered
Your Score History
You have not taken this quiz